00226nam a2200085Ia 4500008004100000041000800041100002000049245003500069260003600104231107s1904 xx 000 0 und d aeng aHenry Mcgoodwin aArchitectural Shades & Shadows aBostonbBates & Guild Co.c1904